000 00321nam a2200109Ia 4500
008 200302s9999 xx 000 0 und d
100 _aChristian Schittich ed.
245 _a In Detail Small structures compact dwellings tmporary structures room modules
260 _bBirkhauser Verlag Gmbh
260 _c2010
300 _a176
999 _c6561
_d6561